LIPPINCOTT ILCUSTRATED REVIEWS OF PHARMACOLOGY (Record no. 7292)

MARC details
000 -LEADER
fixed length control field 00352nam a2200145Ia 4500
008 - FIXED-LENGTH DATA ELEMENTS--GENERAL INFORMATION
fixed length control field 150301s2015 xx 000 0 und d
082 ## - DEWEY DECIMAL CLASSIFICATION NUMBER
Classification number 615
Item number L15H
100 ## - MAIN ENTRY--PERSONAL NAME
Personal name HARVECY, R.A
245 ## - TITLE STATEMENT
Title LIPPINCOTT ILCUSTRATED REVIEWS OF PHARMACOLOGY
250 ## - EDITION STATEMENT
Edition statement 6TH
260 ## - PUBLICATION, DISTRIBUTION, ETC. (IMPRINT)
Name of publisher, distributor, etc. WOLTER KLUMER
300 ## - PHYSICAL DESCRIPTION
Extent 670
650 ## - SUBJECT ADDED ENTRY--TOPICAL TERM
Topical term or geographic name as entry element PHARMACEUTICS
942 ## - ADDED ENTRY ELEMENTS (KOHA)
Source of classification or shelving scheme Dewey Decimal Classification
Koha item type Books
Koha issues (borrowed), all copies 18
Holdings
Withdrawn status Lost status Source of classification or shelving scheme Damaged status Use restrictions Not for loan Collection code Home library Current library Shelving location Date acquired Source of acquisition Cost, normal purchase price SGTU Bill Number Total Checkouts Full call number Barcode Date last seen Date last checked out Bill Date Koha item type
    Dewey Decimal Classification   Restricted Access   PHARMACY SGT FA-FP Library SGT FA-FP Library Reference Book 02/07/2015 ABC-DELHI 1495.00 SGTU 5588 2 615 L15H FP1190 16/03/2026 27/02/2026 04/04/2015 Books
    Dewey Decimal Classification       PHARMACY SGT FA-FP Library SGT FA-FP Library   02/07/2015 ABC-DELHI 1495.00 SGTU 5588 1 615 L15H FP1191 01/09/2017 01/08/2017 04/04/2015 Books
    Dewey Decimal Classification       PHARMACY SGT FA-FP Library SGT FA-FP Library   02/07/2015 ABC-DELHI 1495.00 SGTU 5588 1 615 L15H FP1192 05/02/2024 30/01/2024 04/04/2015 Books
    Dewey Decimal Classification       PHARMACY SGT FA-FP Library SGT FA-FP Library   02/07/2015 ABC-DELHI 1495.00 SGTU 5588   615 L15H FP1193 02/07/2015   04/04/2015 Books
    Dewey Decimal Classification       PHARMACY SGT FA-FP Library SGT FA-FP Library   02/07/2015 ABC-DELHI 1495.00 SGTU 5588 8 615 L15H FP1194 22/02/2024 30/01/2024 04/04/2015 Books
    Dewey Decimal Classification       PHARMACY SGT FA-FP Library SGT FA-FP Library   02/07/2015 ABC-DELHI 1495.00 SGTU 5588 8 615 L15H FP1195 16/09/2023 02/09/2023 04/04/2015 Books
    Dewey Decimal Classification       PHARMACY SGT FA-FP Library SGT FA-FP Library   02/07/2015 ABC-DELHI 1495.00 SGTU 5588 7 615 L15H FP1196 10/04/2025 10/04/2025 04/04/2015 Books
    Dewey Decimal Classification       PHARMACY SGT FA-FP Library SGT FA-FP Library   02/07/2015 ABC-DELHI 1495.00 SGTU 5588 2 615 L15H FP1197 21/08/2021 12/08/2021 04/04/2015 Books
    Dewey Decimal Classification       PHARMACY SGT FA-FP Library SGT FA-FP Library   02/07/2015 ABC-DELHI 1495.00 SGTU 5588 6 615 L15H FP1198 29/09/2023 15/09/2023 04/04/2015 Books
    Dewey Decimal Classification       PHARMACY SGT FA-FP Library SGT FA-FP Library Reference Book 02/07/2015 ABC-DELHI 1495.00 SGTU 5588 3 615 L15H FP1199 27/05/2025 09/05/2025 04/04/2015 Books